000 00825cab a2200253 4500
001 X3165
008 090401t1996 xxu||||| |||| 00| 0 eng d
035 _a(Sirsi) u28869
041 _aeng
245 _aCountryside recreation
260 _c1996
350 _a0
490 _aCSM (Chartered Surveyor Monthly)
_v5(4) January 1996, 6(1)
520 _aThe Countryside Commission is aiming to have 120,000 miles of public footpaths and bridleways mapped and defined by the year 2000. Other projects include the creation of 1,000 village greens and other leisure facilities.
650 _aBRIDLEWAYS
650 _aCOUNTRYSIDE COMMISSION
650 _aFOOTPATHS
650 _aMAPS
650 _aVILLAGE GREENS
690 _aLEISURE AND RECREATION
690 _aRURAL PRACTICE
942 _n0
948 _c04/03/1997
999 _c19420
_d19420